00308nam a2200109 4500020001800000082002300018084002500041100002200066245005500088260004400143300001100187 a9789360617837 a658.562Log SHR/S 2Colon Classification aShrinivasan, Ajay aShipping and port management /cAjay Shrinivasan,  aNew Delhi :bPinakin Publishing,c2024. a286p.: